| 000 | 00659nam a2200181 i 4500 | ||
|---|---|---|---|
| 001 | 91469 | ||
| 003 | ES-MaACL | ||
| 005 | 20230906180728.0 | ||
| 007 | t| | ||
| 008 | 050131s1945 sp ||||1| spa d | ||
| 100 | 1 |
_aLewin, Philip. _972032 |
|
| 245 | 1 | 0 |
_aParálisis infantil _b: poliomelotis anterior / _cPhilip Lewin ; traducción del inglés revisada por José Domenech Alsina ; ilustrado por Harold Laufman. |
| 260 |
_aBarcelona : _bSalvat, _c1945 ( _fImp. Hispano-Americana) |
||
| 300 |
_aXXIV; 394 p., 1 lám. : _bil. ; _c24 cm. |
||
| 700 | 1 |
_aDomenech Alsina, José. _945089 |
|
| 700 | 1 |
_aLaufman, Harold. _970593 |
|
| 852 |
_aES-MaACL _jE-796 _bR.21582 |
||
| 999 |
_c91469 _d91469 |
||